5HLuxD.jpg

KING HENRY VIII SENIOR AND PRIMARY SCHOOL LIBRARY OPAC

Memaafkan Kawan / (Record no. 3245)

000 -LEADER
fixed length control field 00755nam a22002297a 4500
003 - CONTROL NUMBER IDENTIFIER
control field OSt
005 - DATE AND TIME OF LATEST TRANSACTION
control field 20231109101147.0
008 - FIXED-LENGTH DATA ELEMENTS--GENERAL INFORMATION
fixed length control field 231109b ||||| |||| 00| 0 eng d
020 ## - INTERNATIONAL STANDARD BOOK NUMBER
International Standard Book Number 9789670683539
040 ## - CATALOGING SOURCE
Transcribing agency KH8
082 ## - DEWEY DECIMAL CLASSIFICATION NUMBER
Classification number 400 ZUL
100 ## - MAIN ENTRY--PERSONAL NAME
Personal name Zulkifli Rahman,
Relator term author.
245 ## - TITLE STATEMENT
Title Memaafkan Kawan /
Statement of responsibility, etc. Zulkifli Rahman.
260 ## - PUBLICATION, DISTRIBUTION, ETC.
Place of publication, distribution, etc. Kuala Lumpur ;
Name of publisher, distributor, etc. Pustaka Akal Ilmu ,
Date of publication, distribution, etc. 2019.
300 ## - PHYSICAL DESCRIPTION
Extent 24 pages :
Other physical details colour illustrations ;
Dimensions 19 cm x 26 cm
440 ## - SERIES STATEMENT/ADDED ENTRY--TITLE
Title Siri Bentuk Disiplin
520 ## - SUMMARY, ETC.
Summary, etc. Disiplin membentuk kita menjadi insan yang berguna. Semoga amalan disiplin menjadi tonggak dalam hidup kita.
650 ## - SUBJECT ADDED ENTRY--TOPICAL TERM
Topical term or geographic name entry element Foreign language
Form subdivision Bahasa Melayu
650 ## - SUBJECT ADDED ENTRY--TOPICAL TERM
Topical term or geographic name entry element Story book
Form subdivision Moral story
830 ## - SERIES ADDED ENTRY--UNIFORM TITLE
Uniform title Siri Bentuk Disiplin
942 ## - ADDED ENTRY ELEMENTS (KOHA)
Source of classification or shelving scheme
Koha item type Teaching Resources
Holdings
Withdrawn status Lost status Source of classification or shelving scheme Damaged status Not for loan Collection code Permanent Location Current Location Shelving location Date acquired Full call number Barcode Date last seen Price effective from Koha item type
          Teaching Resources KH8 Senior School Library KH8 Senior School Library Staff Office 2023-11-09 400 ZUL TRKHSL004995 2023-11-09 2023-11-09 Teaching Resources

Powered By KH8 IT Dept